| 000 | 00603cam a2200181 a 4500 | ||
|---|---|---|---|
| 001 | 000018020 | ||
| 005 | 20200929165323.0 | ||
| 008 | 820309s1979 ho 000 p spa d | ||
| 040 |
_aDO-SdBNP _bspa _cBNPHU |
||
| 082 |
_axx _bA729h |
||
| 100 | 1 |
_aArmijo, Roberto, _d1937-1997. _939069 |
|
| 245 | 1 | 0 |
_aHomenajes y otros poemas / _cRoberto Armijo. |
| 260 |
_aTegucigalpa, Honduras : _bUniversidad Nacional Autónoma de Honduras, _c[1979]. |
||
| 300 |
_a88 p. : _b21 cm. |
||
| 650 | 4 |
_aProsa salvadoreña _939070 |
|
| 650 | 4 |
_aPoesía salvadoreña _912306 |
|
| 650 | 4 |
_aLiteratura salvadoreña _ySIGLO XX _914369 |
|
| 999 |
_c17542 _d17542 |
||